Ganadores de Roland Garros por Países - Estadísticas

Estadísticas generales
  • Esta prueba ha sido intentada 108 veces
  • La puntuación promedio es 83 de 94
Estadísticas de respuestas
Año País % Correcto
2024 España
100%
2022 España
100%
2020 España
100%
2019 España
100%
2018 España
100%
2017 España
100%
2014 España
100%
2013 España
100%
2012 España
100%
2011 España
100%
2010 España
100%
2008 España
100%
2007 España
100%
2006 España
100%
2005 España
100%
2003 España
100%
2002 España
100%
1998 España
100%
1994 España
100%
1993 España
100%
1972 España
100%
1964 España
100%
1961 España
100%
2023 Serbia
100%
2021 Serbia
100%
2016 Serbia
100%
2015 Suiza
100%
2009 Suiza
100%
2004 Argentina
95%
1977 Argentina
95%
1937 Alemania
94%
1936 Alemania
94%
1934 Alemania
94%
1999 Estados Unidos
94%
1992 Estados Unidos
94%
1991 Estados Unidos
94%
1989 Estados Unidos
94%
1955 Estados Unidos
94%
1954 Estados Unidos
94%
1950 Estados Unidos
94%
1949 Estados Unidos
94%
1948 Estados Unidos
94%
1939 Estados Unidos
94%
1938 Estados Unidos
94%
1983 Francia
93%
1946 Francia
93%
1932 Francia
93%
1931 Francia
93%
1930 Francia
93%
1929 Francia
93%
1928 Francia
93%
1927 Francia
93%
1926 Francia
93%
1925 Francia
93%
1976 Italia
90%
1960 Italia
90%
1959 Italia
90%
1988 Suecia
90%
1985 Suecia
90%
1982 Suecia
90%
1981 Suecia
90%
1980 Suecia
90%
1979 Suecia
90%
1978 Suecia
90%
1975 Suecia
90%
1974 Suecia
90%
1957 Suecia
90%
1969 Australia
88%
1968 Australia
88%
1967 Australia
88%
1966 Australia
88%
1965 Australia
88%
1963 Australia
88%
1962 Australia
88%
1958 Australia
88%
1956 Australia
88%
1953 Australia
88%
1933 Australia
88%
1935 Reino Unido
88%
1996 Rusia
88%
2001 Brasil
82%
2000 Brasil
82%
1997 Brasil
82%
1995 Austria
68%
1973 Rumania
57%
1987 Checoslovaquia
50%
1986 Checoslovaquia
50%
1984 Checoslovaquia
50%
1971 Checoslovaquia
50%
1970 Checoslovaquia
50%
1947 Hungría
40%
1952 Egipto
37%
1951 Egipto
37%
1990 Ecuador
24%
No se encontraron pruebas coincidentes
Distribución de puntuación
Porcentaje de gente con cada puntuación
Porcentaje por número respondido
Historial de tus puntuaciones
No has intentado esta prueba.